| 000 | 00881cam a22002897a 4500 | ||
|---|---|---|---|
| 003 | CHAP | ||
| 005 | 20220329140824.0 | ||
| 008 | 971013s r 00010 d | ||
| 010 | _a58145 | ||
| 011 | _a59117 | ||
| 035 | _a63274 | ||
| 040 | _cCHAP | ||
| 090 | _aR-2116 | ||
| 100 | 0 | 0 |
_aStol, Th. _9109864 |
| 245 | 1 | 4 | _aThe relative efficiency of the density of rain-gage networks |
| 500 | _aSobretiro de: Journal of Hydrology 15: 193-208, 1972 | ||
| 590 |
_aBATCH-UPD _b10 _c20130110 _lUCH01 _h0248 |
||
| 590 |
_aBATCH-UPD _b10 _c20130110 _lUCH01 _h2121 |
||
| 590 |
_aBATCH-UPD _b10 _c20130410 _lUCH01 _h1430 |
||
| 590 |
_aBATCH-UPD _b10 _c20130913 _lUCH01 _h1954 |
||
| 590 |
_aCONVERSION _b10 _c20130109 _lUCH01 _h1331 |
||
| 650 | 1 | 4 |
_aAforadores. _91033 |
| 650 | 1 | 4 |
_aLluvia _xMedición. _967325 |
| 901 | _aBK | ||
| 942 | _cREIMP | ||
| 949 |
_aR-2116 _bBC _cR _d-135924 _eTS1 _i63274 _si |
||
| 999 |
_c58145 _d58145 |
||